000 01094nam a22002415i 4500
001 169769
003 ES-MaACL
005 20251002203507.0
008 081125s1879 fr |||| | fre d
080 _a821.133.1-2"16"
100 1 _aScarron, Paul.
_9132529
245 1 0 _aThéatre complet /
_cScarron ; précédée d'une notice biographique par Édouard Fournier ; et illustrée de quatre gravures coloriées dessinées par Mm. Bayard, M. Sand et Louis Fournier.
250 _aNouvelle ed.
260 _aParis :
_bLaplace, Sanchez,
_c1879.
300 _aXXIII, 487 p., [4] h. de lám. col. ;
_c18 cm.
505 8 _aContiene: La marquis ridicule. L'Ecolier de Salamanque. L'Hériter ridicule. Jodelet duelliste. Jodelet ou le Maitre-Valet. Don Japhet d'Arménie. La fausse apparence. Le prince corsaire
700 1 _aFournier, Edouard.
_951978
700 1 _aBayard, Émile,
_d1837-1891
_926648
700 0 _aSand, Maurice.
_9103063
700 0 _aFournier, Louis.
_951984
852 _aES-MaACL
_jE-12277
_9R.190472
_z.- Biblioteca Jacinto Martínez Lacalle
999 _c169769
_d169769